<?xml version="1.0" encoding="UTF-8"?><?xml-stylesheet type="text/xsl" href="static/style.xsl"?><OAI-PMH xmlns="http://www.openarchives.org/OAI/2.0/" xmlns:xsi="http://www.w3.org/2001/XMLSchema-instance" xsi:schemaLocation="http://www.openarchives.org/OAI/2.0/ http://www.openarchives.org/OAI/2.0/OAI-PMH.xsd"><responseDate>2026-06-07T05:50:31Z</responseDate><request verb="GetRecord" identifier="oai:riuma.uma.es:10630/23868" metadataPrefix="marc">https://riuma.uma.es/rest/oai/request</request><GetRecord><record><header><identifier>oai:riuma.uma.es:10630/23868</identifier><datestamp>2026-02-03T12:20:29Z</datestamp><setSpec>com_10630_2254</setSpec><setSpec>col_10630_37959</setSpec></header><metadata><record xmlns="http://www.loc.gov/MARC21/slim" xmlns:dcterms="http://purl.org/dc/terms/" xmlns:doc="http://www.lyncode.com/xoai" xmlns:xsi="http://www.w3.org/2001/XMLSchema-instance" xsi:schemaLocation="http://www.loc.gov/MARC21/slim http://www.loc.gov/standards/marcxml/schema/MARC21slim.xsd">
   <leader>00925njm 22002777a 4500</leader>
   <datafield ind2=" " ind1=" " tag="042">
      <subfield code="a">dc</subfield>
   </datafield>
   <datafield ind2=" " ind1=" " tag="720">
      <subfield code="a">López Ruano, Gregorio</subfield>
      <subfield code="e">author</subfield>
   </datafield>
   <datafield ind2=" " ind1=" " tag="260">
      <subfield code="c">2022-03-01</subfield>
   </datafield>
   <datafield ind2=" " ind1=" " tag="520">
      <subfield code="a">Para comenzar a desarrollar una carrera profesional, es muy importante tener una información adecuada, un aspecto fundamental para introducirse en el mundo laboral.&#xd;
Actualmente, cualquiera puede acceder a la información, a mucha información, pero hay que saber seleccionarla y saber buscar la mejor fuente de información. Hay que aprender a utilizar las herramientas adecuadas para encontrar informaciones profesionales eficaces y útiles.&#xd;
Además de la preparación, para la búsqueda de un empleo acorde con nuestros conocimientos, se requiere la utilización de diferentes medios de contacto y una información actualizada sobre las empresas u organismos que ofrecen empleo. Este proceso de búsqueda de trabajo ha de ser planificado, partiendo de la motivación y debe contemplar todas las posibilidades: trabajo por cuenta ajena, autoempleo y empleo público. Aunque el empleo público sea la salida profesional más elegida por las estudiantes y los estudiantes de Educación infantil y primaria, no está de más que sepan cómo buscar otras opciones de trabajo para las que es necesario elaborar un currículum o una carta de presentación o pasar una entrevista.</subfield>
   </datafield>
   <datafield ind1="8" ind2=" " tag="024">
      <subfield code="a">https://hdl.handle.net/10630/23868</subfield>
   </datafield>
   <datafield tag="653" ind2=" " ind1=" ">
      <subfield code="a">Educación infantil</subfield>
   </datafield>
   <datafield tag="653" ind2=" " ind1=" ">
      <subfield code="a">Búsqueda de empleo</subfield>
   </datafield>
   <datafield ind2="0" ind1="0" tag="245">
      <subfield code="a">Opciones laborales para la Educación Infantil</subfield>
   </datafield>
</record>
</metadata></record></GetRecord></OAI-PMH>